Statistics for Animal Crossing: New Horizons Fish

Click here to take the quiz!

General Stats

  • This quiz has been taken 413 times
  • The average score is 37 of 80

Answer Stats

Fish% Correct
Sea bass
92%
Black bass
80%
Great white shark
77%
Goldfish
75%
Hammerhead shark
71%
Red snapper
70%
Salmon
67%
Whale shark
67%
Carp
66%
Frog
65%
Horse mackerel
62%
Koi
62%
Tuna
62%
Oarfish
61%
Clown fish
60%
Coelacanth
60%
Squid
60%
Olive flounder
55%
Sturgeon
55%
Sea horse
54%
Snapping Turtle
54%
Blue marlin
53%
Crucian carp
53%
Football fish
52%
Sea butterfly
51%
Dab
50%
King salmon
50%
Golden trout
48%
Pop-eyed goldfish
48%
Tadpole
48%
Bitterling
47%
Suckerfish
47%
Surgeonfish
47%
Anchovy
46%
Angelfish
46%
Mahi-mahi
46%
Ribbon eel
46%
Saw shark
46%
Barred knifejaw
45%
Zebra turkeyfish
45%
Arowana
44%
Cherry salmon
44%
Ocean sunfish
44%
Barreleye
43%
Crawfish
43%
Guppy
42%
Ranchu goldfish
42%
Arapaima
41%
Dace
41%
Dorado
41%
Pale chub
41%
Soft-shelled turtle
40%
Stringfish
40%
Yellow perch
39%
Betta
38%
Butterfly fish
38%
Napoleonfish
38%
Piranha
38%
Puffer fish
38%
Bluegill
37%
Catfish
37%
Moray eel
37%
Neon tetra
37%
Ray
36%
Char
35%
Freshwater goby
35%
Pike
34%
Pond smelt
34%
Tilapia
34%
Blowfish
33%
Giant trevally
33%
Rainbowfish
33%
Gar
32%
Mitten crab
32%
Loach
29%
Giant snakehead
28%
Killifish
28%
Sweetfish
25%
Saddled bichir
23%
Nibble fish
22%

Score Distribution

Percentile by Number Answered

Percent of People with Each Score

Your Score History

You have not taken this quiz